Historical Figures in Movies Quiz Stats

Quiz Updated Jun 29, 2016

Challenge
Share
Tweet
Score 0/18 Timer 06:00
5 Plays Today
% Correct
The Lion
Martin Luther King
91.5%
Enemy At The
Bill Gates
90.7%
Mr. Smith Goes To
George Washington
88.1%
American History
Malcolm X
88.1%
The Abraham Lincoln
Lawyer
85.2%
Into The
Tiger Woods
78.9%
Muhammad Ali
G Indahouse
78.5%
For Whom The
Alexander Graham Bell Tolls
75%
Roman
Billie Holiday
69.9%
% Correct
Phone
John Wilkes Booth
69.7%
Sally Ride Along
67.9%
The Sojourner Truth
About Cats & Dogs
63.1%
Alice Through The Looking
Philip Glass
56.4%
The Huey Long
Kiss Goodnight
55.7%
Clara Barton Fink
51.6%
Goodbye,
Christopher Columbus
48.3%
For A Few Dollars
Thomas More
47.5%
Forgetting Sarah
John Marshall
47.2%

You're not logged in!

Compare scores with friends on all Sporcle quizzes.
Sign Up with Email
OR
Log In

You Might Also Like...

Show Comments

Extras

Top Quizzes Today


Score Distribution

Your Account Isn't Verified!

In order to create a playlist on Sporcle, you need to verify the email address you used during registration. Go to your Sporcle Settings to finish the process.